000 01582nam a2200445 4500
001 48000
003 ES-MaCES
005 20160809110908.0
008 160802s2015 sp ||||| |||||||||||spa|d
017 _aS 552-2015
_bDL
020 _a9788415544890
040 _aES-MaCES
_bspa
_cES-MaCES
245 0 0 _aCrisis económica e implantación de la sociedad de la información
_b: (Países Nórdicos & España)
_cJuan José Fernández-Sanz, Kirsti Baggethun, Julio Larrañaga-Rubio (eds)
250 _a1ª ed
260 _aSalamanca
_bComunicación Social ediciones y publicaciones
_c2016
300 _a264 p.
_bil. bl. y n.
_c21 cm
490 1 _aContextos
504 _aBibliografía
541 _cCompra
650 4 _927102
_acrisis económica
650 4 _930732
_aevaluación del impacto
650 4 _930788
_anuevas tecnologías
650 4 _930104
_atecnología de la información
650 4 _927884
_atelecomunicaciones
650 4 _927878
_amedios de comunicación de masas
650 4 _927265
_acultura
650 4 _930335
_adiseño
650 4 _927375
_asistema educativo
650 4 _926963
_aEscandinavia
650 4 _926964
_aEspaña
650 4 _928846
_aestudio de casos
650 4 _928892
_acomparación
653 1 0 _aTransporte-Comunicaciones
700 1 _937179
_aFernández-Sanz, Juan José
_eed. lit.
700 1 _937180
_aBaggethun, Kirsti
_eed. lit.
700 1 _916225
_aLarrañaga Rubio, Julio
_eed. lit.
830 0 _937164
_aContextos (Comunicación Social ediciones y publicaciones)
902 _aLIB Libro
942 _2CES
_cBK
_h5.2.
999 _c48000
_d48000